| 000 -ლიდერი |
| ფიქსირებული სიგრძის საკონტროლო ველი |
01069nam a22002177a 4500 |
| 003 - საკონტროლო ნომრის იდენტიფიკატორი |
| საკონტროლო ველი |
Ge_BSU |
| 005 - ბოლო ოპერაციის თარიღი და დრო |
| საკონტროლო ველი |
20230705172252.0 |
| 008 - ფიქსირებული სიგრძის მონაცემთა ელემენტები - ზოგადი ინფორმაცია |
| ფიქსირებული სიგრძის საკონტროლო ველი |
230705s2007ge xxu||||| |||| 00| 0 geo d |
| 020 ## - წიგნის საერთაშორისო სტანდარტული ნომერი |
| International Standard Book Number |
9789941900150 |
| 041 ## - ენის კოდი |
| Language code of text/sound track or separate title |
geo |
| 080 ## - უნივერსალური ათობითი კლასიფიკაციის ინდექსი |
| Universal Decimal Classification number |
902/904(479.223) მ-25 |
| 100 ## - მთავარი ჩანაწერი - პიროვნების სახელი |
| Personal name |
მამულაძე, შ. |
| 9 (RLIN) |
19172 |
| 245 ## - ცნობა სათაურის შესახებ |
| Title |
გონიო-აფსაროსი / |
| Statement of responsibility, etc |
შ. მამულაძე, ა. კახიძე, ე. კახიძე. |
| 264 ## - წარმოების, გამოცემის, დისტრიბუციის და სხვა ცნობები |
| გამოცემის, წარმოების, დისტრიბუციის... ადგილი |
თბილისი : |
| გამოცემის, წარმოების, დისტრიბუციის... სახელწოდება |
სიესტა, |
| გამოცემის, წარმოების, დისტრიბუციის... თარიღი |
2007. |
| 300 ## - ფიზიკური აღწერა |
| Extent |
70 გვ.: |
| Other physical details |
20 სმ. |
| Dimensions |
ტექსტს ახლავს ფოტომასალა. |
| 546 ## - LANGUAGE NOTE |
| Language note |
ტექსტი ქართ,. ინგლ. და რუს. ენ. |
| 653 ## - INDEX TERM--UNCONTROLLED |
| Uncontrolled term |
გონიო-აფსაროსის ციხის ისტორია და მის ტერიტორიაზე აღმოჩენილი არქეოლოგიური მასალა. |
| 700 ## - ADDED ENTRY--PERSONAL NAME |
| Personal name |
კახიძე, ა |
| 9 (RLIN) |
19173 |
| 700 ## - ADDED ENTRY--PERSONAL NAME |
| Personal name |
კახიძე, ე |
| 9 (RLIN) |
19174 |
| 942 ## - ADDED ENTRY ELEMENTS (KOHA) |
| Source of classification or shelving scheme |
|
| Koha item type |
წიგნი |